00416nam a2200169Ia 4500003000400000005001700004008004100021020001500062040000700077041000800084082001700092100002300109245004600132260004000178300001600218365001200234OSt20230417110431.0210423s2007 xx 000 0 und d a8130906392 cAL aeng a809.935 BLOH aBLOOM (Harold),Ed. aTennessee Williams cat on a hot tin roof. aNew DelhibViva Books Pvt Ltdc2007 avii,155bPB b99cINR